| 000 | 00431nam a2200169Ia 4500 | ||
|---|---|---|---|
| 005 | 20250508152500.0 | ||
| 008 | 008 250505s9999 xx 000 0 hin d | ||
| 037 | _aTextual | ||
| 040 |
_aFEDL _beng _cFEDL |
||
| 041 |
_ahin _2eng |
||
| 084 |
_a294, TRI _qFEDL |
||
| 100 |
_aTrivedi R. C. _9761580 |
||
| 245 | 0 | _aTulsi sahitya - ratanakar | |
| 300 | _a618p | ||
| 942 |
_cTEXL _h294, TRI |
||
| 999 |
_c1336708 _d1336708 |
||